Thinking in the future tense
Đã lưu trong:
| Príomhúdar: | |
|---|---|
| Formáid: | Leabhar |
| Teanga: | Undetermined |
| Foilsithe: |
U.S.A.
A Touchstone Book
1996
|
| Ábhair: | |
| Clibeanna: |
Cuir Clib Leis
Gan Chlibeanna, Bí ar an gcéad duine leis an taifead seo a chlibeáil!
|
| Thư viện lưu trữ: | Trung tâm Học liệu Trường Đại học Cần Thơ |
|---|
| LEADER | 00487nam a2200181Ia 4500 | ||
|---|---|---|---|
| 001 | CTU_98511 | ||
| 008 | 210402s9999 xx 000 0 und d | ||
| 082 | |a 658.4 | ||
| 082 | |b J27 | ||
| 100 | |a James, Jennifer | ||
| 245 | 0 | |a Thinking in the future tense | |
| 245 | 0 | |c Jennifer James | |
| 260 | |a U.S.A. | ||
| 260 | |b A Touchstone Book | ||
| 260 | |c 1996 | ||
| 650 | |a Leadership,Organizational change | ||
| 904 | |i Tuyến | ||
| 980 | |a Trung tâm Học liệu Trường Đại học Cần Thơ | ||